Banner

Estándares/Normas Internacionales : (Record no. 1045)

MARC details
000 -LEADER
campo de control de longitud fija 01637nam a22002897a 4500
001 - NÚMERO DE CONTROL
campo de control 001888
003 - IDENTIFICADOR DE NÚMERO DE CONTROL
campo de control CoMeUDC001888
005 - FECHA Y HORA DE LA ÚLTIMA TRANSACCIÓN
campo de control 20230215174117.0
008 - DATOS DE LONGITUD FIJA--INFORMACIÓN GENERAL
campo de control de longitud fija 130821s2006 ck gr spa
020 ## - NÚMERO INTERNACIONAL ESTÁNDAR DEL LIBRO
Número Internacional Estándar del Libro 9586484149
040 ## - FUENTE DE CATALOGACIÓN
Centro catalogador/agencia de origen Co-BoUCM
Lengua de catalogación spa
Centro/agencia transcriptor Co-UdeC
041 00 - CÓDIGO DE IDIOMA
Código de lengua del texto/banda sonora o título independiente spa
082 04 - NÚMERO DE LA CLASIFICACIÓN DECIMAL DEWEY
Número de clasificación 657.32
Número de ítem M292
100 1# - ENTRADA PRINCIPAL--NOMBRE DE PERSONA
Nombre de persona Mantilla Blanco, Samuel Alberto
245 10 - MENCIÓN DEL TÍTULO
Título Estándares/Normas Internacionales :
Resto del título información financiera IFRS (NIIF) /
Mención de responsabilidad, etc. Samuel Alberto Mantilla Blanco.
260 ## - PUBLICACIÓN, DISTRIBUCIÓN, ETC.
Lugar de publicación, distribución, etc. Bogotá (Colombia) :
Nombre del editor, distribuidor, etc. Ecoe Ediciones,
Fecha de publicación, distribución, etc. 2003.
300 ## - DESCRIPCIÓN FÍSICA
Extensión 386 p. ;
Dimensiones 24 cm.
490 ## - MENCIÓN DE SERIE
Mención de serie Textos Universitarios.
-- Contabilidad, Auditoria y Control
504 ## - NOTA DE BIBLIOGRAFÍA, ETC.
Nota de bibliografía, etc. Nota Incluye bibliografía.
505 ## - NOTA DE CONTENIDO CON FORMATO
Nota de contenido con formato Estándares e interpretaciones -- IFRS para principiantes .. Estándares/Normas internacionales de información financiera (IFRS/NIIF) -- Estándares/Normas internacionales de contabilidad (IAS/NIC) -- Interpretaciones internacionales relacionadas con la información financiera (IFRIC) -- Lecturas -- Estructura conceptual -- Adopción de estándares internacionales. Características técnicas -- Políticas de contabilidad. ¿Iguales negocios, contabilidades distintas, o negocios distintos y una sola contabilidad? -- Financial Reporting. Prepración, presentación y revelación de información financiera -- Fair Value. El valor razonable es el valor transparente
546 ## - NOTA DE IDIOMA
Nota de lengua/lenguaje Español.
650 04 - PUNTO DE ACCESO ADICIONAL DE MATERIA--TÉRMINO DE MATERIA
Término de materia o nombre geográfico como elemento de entrada Contabilidad financiera
Subdivisión de forma Normas
9 (RLIN) 11746
650 04 - PUNTO DE ACCESO ADICIONAL DE MATERIA--TÉRMINO DE MATERIA
Término de materia o nombre geográfico como elemento de entrada Contabilidad
9 (RLIN) 7449
650 04 - PUNTO DE ACCESO ADICIONAL DE MATERIA--TÉRMINO DE MATERIA
Término de materia o nombre geográfico como elemento de entrada Estados financieros
Subdivisión de forma Normas
9 (RLIN) 15032
650 04 - PUNTO DE ACCESO ADICIONAL DE MATERIA--TÉRMINO DE MATERIA
Término de materia o nombre geográfico como elemento de entrada Normas Internacionales de Información Financiera. NIIF (IFRS)
942 ## - ELEMENTOS DE ENTRADA SECUNDARIOS (KOHA)
Tipo de ítem Koha Libros
Fuente del sistema de clasificación o colocación Clasificación Decimal Dewey
Holdings
Estatus retirado Estado de pérdida Fuente del sistema de clasificación o colocación Estado de daño No para préstamo Colección Biblioteca de origen Biblioteca actual Fecha de adquisición Fuente de adquisición Signatura topográfica completa Código de barras Visto por última vez Copia número Precio de reemplazo Tipo de ítem Koha
    Clasificación Decimal Dewey     Colección general U DE COLOMBIA - Biblioteca U DE COLOMBIA - Biblioteca 15/02/2023 donación 657.32 M292 001888 15/02/2023 1 15/02/2023 Libros


Biblioteca Académica Corporación Universitaria U DE COLOMBIA | Teléfono: +(57) (4) 2398080 ext. 1112 | E-mail: biblioteca@udecolombia.edu.co | Dirección: Calle 56 Nº 41 – 147 (Bolivia con Girardot)
Horario de atención: lunes a viernes 8:00 a.m. a 8:00 p.m. - sábados 8:00 a.m. a 4:00 p.m.
Implementado por Grupo EGS.

Powered by Koha